00520nam a2200181 a 450000100060000000300090000600800410001502000150005604000280007108200150009910000210011424500440013526000380017930000110021749000290022865000470025765000340030418852CO-ViMGA141112s2004 ck r 000 u spa d a9583005584 aCO-ViMGAbspacCO-ViMGA04a980.2 I7411 aIriarte, Alfredo10aCristóbal Colón y el Descubrimiento aBogotá : bPanAméricana; 1998 a123 p. aCuadernillos de historia14aAmérica - DESCUBRIMIENTO Y EXPLORACIONES14aCOLON, CRISTOBAL; 1451 - 1506